UBT Library

Ancillary techniques of gas chromatography, (Record no. 44955)

000 -LEADER
fixed length control field 00589nam a2200217 4500
001 - CONTROL NUMBER
control field 2653595
005 - DATE AND TIME OF LATEST TRANSACTION
control field 20180314045021.0
008 - FIXED-LENGTH DATA ELEMENTS--GENERAL INFORMATION
fixed length control field 691224s1969 nyua b 001 0 eng
010 ## - LIBRARY OF CONGRESS CONTROL NUMBER
LC control number 70077277
020 ## - INTERNATIONAL STANDARD BOOK NUMBER
International Standard Book Number 0471246700
040 ## - CATALOGING SOURCE
Original cataloging agency DLC
Transcribing agency DLC
Modifying agency DLC
041 ## - LANGUAGE CODE
Language code of text/sound track or separate title eng
080 ## - UNIVERSAL DECIMAL CLASSIFICATION NUMBER
Universal Decimal Classification number 544.926
082 00 - DEWEY DECIMAL CLASSIFICATION NUMBER
Classification number 544.926 ETT
100 1# - Rafti
Rafti 12
101 ## - Shkurtesa
Shkurtesa KIM
245 10 - TITLE STATEMENT
Title Ancillary techniques of gas chromatography,
Statement of responsibility, etc edited by Leslie S. Ettre and William H. McFadden.
504 ## - BIBLIOGRAPHY, ETC. NOTE
Bibliography, etc Includes bibliographies.
906 ## - LOCAL DATA ELEMENT F, LDF (RLIN)
a 7
b cbc
c orignew
d u
e ncip
f 19
g y-gencatlg
942 ## - ADDED ENTRY ELEMENTS (KOHA)
Source of classification or shelving scheme
Item type Books
Holdings
Withdrawn status Lost status Source of classification or shelving scheme Damaged status Not for loan Collection code Permanent location Current location Shelving location Date acquired Total Checkouts Full call number Barcode Date last seen Price effective from Koha item type
          Koleksioni i përgjithshem UBT - Lipjan UBT - Lipjan Koleksioni i lëndeve mesimore 03/14/2018   544.926 ETT 002-3002150 03/14/2018 03/14/2018 Books
UBT Library © 2015-2024. All rights reserved University Education for Business and Technology